01154cam a2200265 a 450000100060000000300080000600500170001400800410003103500190007204000320009104100080012308200250013110000220015624500960017825000160027426000370029030000400032750001140036750400510048165100370053294200120056999900170058195201440059895201460074226119BD-RjUL20211209050955.0140320r19821902ii ab b 001 0 eng d a(BD-RjUL)26189 aDLCcDLCdDLCdBD-RjULbeng aeng00a954.14219bRAS 19821 aRay, A. K.98027612aA short history of Calcutta, town and suburbs /cby A.K. Ray ; introduction, Nisith R. Ray. aRÌ£ddhi ed. aCalcutta :bRaddhi India,c1982. axvi, 320 p. :bill., maps ;c22 cm. aReprint. Originally published: Census of India, 1901, v. 7, pt. 1, Calcutta : Bengal Secretariat Press, 1902. aIncludes bibliographical references and index. 0aKolkata (India)xHistory.980277 2ddccBK c26119d26119 00102ddc40708NFICaRUCLbRUCLcStackd1996-07-30eAnkur prakashanig55.00l0o954.14 RAS 1982r2014-03-20 00:00:00tC-2w2014-03-20yBK 00102ddc40728NFICaRUCLbRUCLcReadingd1996-07-30eAnkur prakashanig55.00l0o954.14 RAS 1982r2014-03-20 00:00:00tC-1w2014-03-20yBK